Règles du rugby: Vrai ou Faux? #2 - Statistiques

Statistiques générales
  • Ce quiz a été pris 142 fois
  • Le résultat moyen est 10 sur 20
Statistiques - réponses
Question Réponse % Correct
Le talonnage à la main est absolument interdit. Vrai
79%
En cas de contestations de la décision, l'arbitre peut réprimander l'équipe pénalisée en avançant de dix mètres la possession de balle de l'équipe adverse. Vrai
76%
Il n'existe aucune règle déterminant le temps pour accorder un grattage ou décider que l'équipe avec le ballon le garde trop longtemps dans un ruck: C'est à l'appréciation de l'arbitre. Vrai
76%
Si un joueur tombe sous l'effet d'un plaquage, mais que le plaqueur n'empêche pas le joueur de se relever, ce dernier peut continuer à jouer à la condition d'avoir posé le ballon au sol avant de continuer à avancer pour prouver que ce dernier a été disponible lors de sa phase au sol. Vrai
74%
Le "ping pong rugby" doit cesser au bout de quatre échanges de balle: Si le joueur laisse le ballon dans l'aire de jeu à cet instant, une mêlée est attribuée à l'équipe adverse. Faux
68%
Il n'y a pas de limite de temps pour un jeu en pick and go. Vrai
68%
Le ballon est considéré comme sorti du ruck à partir du moment où le demi de mêlée touche le ballon. Faux
65%
Le minimum de joueurs nécessaires pour commencer un match de rugby est 12, à condition d'avoir la première et la deuxième ligne au complet. Faux
62%
Pour faire tomber le ballon des mains d'un joueur adverse, un joueur a comme seul ressource de taper dans le ballon vers son camp. Faux
56%
Un joueur sorti sur commotion cérébrale n'a pas le droit de retourner sur la pelouse. Faux
47%
Un joueur peut inscrire un essai en étant en touche, à condition qu'il ne soit pas porteur du ballon. Vrai
44%
Si une pénalité est jouée rapidement, les joueurs de l'équipe adverse doivent se trouver à plus de 5 mètres de lui, en quel cas il serait considéré dans une position illicite s'il tentait d'intervenir dans le jeu. Faux
41%
L'arbitre de rugby dispose de 3 cartons: jaune, rouge et bleu. Vrai
41%
Il est formellement interdit d'avoir un joueur dont le flocage du maillot s'est détaché: L'arbitre doit pouvoir l'identifier en toutes circonstances. Faux
35%
Le joueur de rugby doit, pour jouer, porter maillot, short, chaussures et casque s'il en a un au coup d'envoi. Faux
35%
Seul le numéro 9 ou son remplaçant direct est autorisé à introduire en mêlée. Vrai
32%
Les numéros 1 à 5 sont absolument nécessaires pour jouer une mêlée: si un de ces joueurs vient à manquer, la mêlée est considérée comme injouable et l'équipe est pénalisée. Faux
29%
Le nombre de remplaçants disponibles dépend du nombre d'avants sur la feuille de match. Vrai
26%
Il n'existe que trois additions de score possibles: 2,3 et 5 points. Faux
24%
Un ou des joueurs sont considérés comme hors jeu si leurs pieds dépassent la partie la plus avancée du corps d'un joueur adverse dans le ruck. Faux
3%
Aucun quiz correspondant
Distribution des résultats
% des personnes avec chaque résultat
Percentile par nombre de réponses
Votre historique - résultats
Vous n’avez pas pris ce quiz